Pohľad na Růžomberok

Zobrazenie: Pohľad na mesto, v popredí je železničná stanica s prichádzajúcim vlakom na koľajisku a v pozadí okolité sú kopce, vľavo dole je vidieť časť budovy

Bibliographic Details
Format: Photo
Language:Czech
PhysicalDescription:1 pohľadnica kolorovaná 9 x 14 cm
Published: Praha II F. Zuna [1921?]
Subjects:

MARC

LEADER 00000 km a2200000 a 4500
001 vtls011885897
003 SK-MaSNL
005 20260301225251.0
007 kf co
008 240703q1921 xr g 0k|cze
015 |a SNBG1921 
035 |a urn:nbn:sk:snk-km00eakr 
035 |a urn:nbn:sk:snk-km43glg 
035 |a F895DBC5-1659-40C5-8924-0BC7096C569D 
040 |a SNK  |b slo  |c SNK  |e AACR2 
041 0 |a cze 
043 |a e-xo--- 
044 |a xr  |c CZ 
072 7 |a 913  |x Regionálna geografia  |2 konspekt 
080 |a 913(437.6)  |2 2011 
080 |a (084.121)  |2 2011 
080 |a 725.31  |2 2011 
245 0 0 |a Pohľad na Růžomberok  |h grafika 
260 |a Praha II  |b F. Zuna  |c [1921?] 
300 |a 1 pohľadnica  |b kolorovaná  |c 9 x 14 cm 
500 |a Názvové údaje prevzaté z obrazovej strany pohľadnice 
500 |a Na adresnej strane je uvedené: No. 3011 
520 8 |a Zobrazenie: Pohľad na mesto, v popredí je železničná stanica s prichádzajúcim vlakom na koľajisku a v pozadí okolité sú kopce, vľavo dole je vidieť časť budovy 
650 0 7 |a železničné stanice  |2 SNKPH  |9 30261 
651 7 |a Ružomberok (Slovensko)  |2 SNKPHgeo  |9 24370 
655 7 |a miestne pohľadnice  |2 SNKPH  |9 70510 
852 |a Slovenská národná knižnica 
958 |a EUIPO 
958 |a GBN 
958 |a GC 
958 |a OND 
999 |c 950280  |d 952210 
952 |a SNK  |b SNK  |y PREZ  |7 0  |p 17A1379727  |o snkSP 100449  |z Pohľadnica prešla poštou.  |0 0  |1 0  |4 0  |d 2019-09-09  |f 1  |l 0  |r 2026-02-24 09:46:20  |w 2026-02-24